| 000 | 00489nam a2200205Ia 4500 | ||
|---|---|---|---|
| 003 | OSt | ||
| 005 | 20231129110809.0 | ||
| 008 | 210210b1908 xxu||||| |||| 00| 0 eng d | ||
| 040 | _cAL | ||
| 041 | _aeng | ||
| 082 | _a821/321 | ||
| 100 |
_aKEATS (John) _9143732 |
||
| 245 | _aPoetical works | ||
| 260 |
_aLondon _bMacmillan & Co. Ltd. _c1908 |
||
| 650 |
_aworks _9143733 |
||
| 650 |
_aPoetical _9143734 |
||
| 690 |
_aEnglish Literature _9143735 |
||
| 906 | _a011491 | ||
| 942 |
_2ddc _cBK |
||
| 999 |
_c130168 _d130168 |
||